Catálogo

Historia del diseño gráfico / (Registro nro. 127)

Detalles MARC
000 -LEADER
fixed length control field 01465cam a2200385 i 4500
001 - CONTROL NUMBER
control field 127
003 - CONTROL NUMBER IDENTIFIER
control field Mx-PuUPA
005 - DATE AND TIME OF LATEST TRANSACTION
control field 20250613145737.0
008 - FIXED-LENGTH DATA ELEMENTS--GENERAL INFORMATION
fixed length control field 140415s1991 mx a gr 001 0 spa d
020 ## - INTERNATIONAL STANDARD BOOK NUMBER
International Standard Book Number 9682441250
040 ## - CATALOGING SOURCE
Original cataloging agency Mx-PuUPA
Language of cataloging spa
Transcribing agency Mx-PuUPA
Modifying agency Mx-PuUPA
Description conventions rda
041 1# - LANGUAGE CODE
Language code of text/sound track or separate title spa
Language code of original eng
100 1# - MAIN ENTRY--PERSONAL NAME
Personal name Meggs, Philip B.,
Relator term autor
240 12 - UNIFORM TITLE
Uniform title A history of graphic design.
Language of a work Español
245 10 - TITLE STATEMENT
Title Historia del diseño gráfico /
Statement of responsibility, etc. Philip B. Meggs ; traducción, Martha Izaguirre I., Carlos Iriondo S., Elvia Vera S.
250 ## - EDITION STATEMENT
Edition statement Primera edición /
Remainder of edition statement julio
264 #1 - PRODUCTION, PUBLICATION, DISTRIBUTION, MANUFACTURE, AND COPYRIGHT NOTICE
Place of production, publication, distribution, manufacture México, D.F. :
Name of producer, publisher, distributor, manufacturer Editorial Trillas,
Date of production, publication, distribution, manufacture, or copyright notice ©1991
300 ## - PHYSICAL DESCRIPTION
Extent 562 páginas :
Other physical details ilustraciones (en blanco y negro) ;
Dimensions 28 cm
336 ## - CONTENT TYPE
Fuente rdacontent
Content type term texto
Content type code txt
336 ## - CONTENT TYPE
Fuente rdacontent
Content type term imagen fija
Content type code sti
337 ## - MEDIA TYPE
Source rdamedia
Media type term sin medio
Media type code n
338 ## - CARRIER TYPE
Source rdacarrier
Carrier type term volumen
Carrier type code nc
500 ## - GENERAL NOTE
General note (Ítem 19122: faltan páginas)
650 #7 - SUBJECT ADDED ENTRY--TOPICAL TERM
Source of heading or term armarc
Topical term or geographic name entry element Artes gráficas
General subdivision Historia
650 #7 - SUBJECT ADDED ENTRY--TOPICAL TERM
Source of heading or term armarc
Topical term or geographic name entry element Diseño gráfico
General subdivision Historia
650 #7 - SUBJECT ADDED ENTRY--TOPICAL TERM
Source of heading or term armarc
Topical term or geographic name entry element Imprenta
General subdivision Historia
700 1# - ADDED ENTRY--PERSONAL NAME
Personal name Izaguirre I., Martha,
Relator term traductor
700 1# - ADDED ENTRY--PERSONAL NAME
Personal name Iriondo S., Carlos,
Relator term traductor
700 1# - ADDED ENTRY--PERSONAL NAME
Personal name Vera S., Elvia,
Relator term traductor
765 0# - ORIGINAL LANGUAGE ENTRY
Main entry heading Meggs, Philip B.
Place, publisher, and date of publication [Lugar de publicación no identificado] : Van Nostrand Reinhold Company, ©1983
Title A history of graphic design.
942 ## - ADDED ENTRY ELEMENTS (KOHA)
Source of classification or shelving scheme Dewey Decimal Classification
Koha item type Libro
Classification part 686.209
Item part M4618
Existencias
Withdrawn status Lost status Source of classification or shelving scheme Damaged status Not for loan Home library Current library Shelving location Date acquired Source of acquisition Total Checkouts Full call number Barcode Price effective from Koha item type Collection code Date last seen Date last checked out Copy number
  Extraviado Dewey Decimal Classification     Biblioteca Karol Wojtyla Biblioteca Karol Wojtyla   03/12/2013 Compra   686.209 MEG 21243 03/12/2013 Libro        
Descarte   Dewey Decimal Classification     Biblioteca Karol Wojtyla Biblioteca Karol Wojtyla   03/12/2013 Compra   686.209 MEG 39725 03/12/2013 Libro        
  Extraviado Dewey Decimal Classification     Biblioteca Karol Wojtyla Biblioteca Karol Wojtyla   03/12/2013 Compra   686.209 MEG 39268 03/12/2013 Libro        
  Extraviado Dewey Decimal Classification     Biblioteca Karol Wojtyla Biblioteca Karol Wojtyla   03/12/2013 Compra   686.209 MEG 10132 03/12/2013 Libro        
    Dewey Decimal Classification     Biblioteca Karol Wojtyla Biblioteca Karol Wojtyla Sala general 03/12/2013 Compra 1 686.209 M4618 1991 19122 03/12/2013 Libro General 05/01/2026 08/02/2022  
    Dewey Decimal Classification     Biblioteca Karol Wojtyla Biblioteca Karol Wojtyla Sala general 03/12/2013 Compra 1 686.209 M4618 1991 21244 03/12/2013 Libro General 05/01/2026 14/11/2023 Ej. 3
    Dewey Decimal Classification     Biblioteca Karol Wojtyla Biblioteca Karol Wojtyla Sala general 03/12/2013 Compra 1 686.209 M4618 1991 52632 03/12/2013 Libro General 05/01/2026 06/09/2019 Ej. 5
    Dewey Decimal Classification     Biblioteca Karol Wojtyla Biblioteca Karol Wojtyla Sala general 03/12/2013 Compra   686.209 M4618 1991 51080 03/12/2013 Libro General 05/01/2026   Ej. 4
    Dewey Decimal Classification     Biblioteca Karol Wojtyla Biblioteca Karol Wojtyla Sala general 03/12/2013 Compra   686.209 M4618 1991 23196 03/12/2013 Libro General 05/01/2026   Ej. 2
  Extraviado Dewey Decimal Classification     Biblioteca Karol Wojtyla Biblioteca Karol Wojtyla   03/12/2013 Compra   686.209 MEG 35886 03/12/2013 Libro        
    Dewey Decimal Classification     Tehuacán Tehuacán Sala general 03/12/2013 Compra   686.209 MEG 508133 03/12/2013 Libro General 08/01/2025